| 000 | 01262nam a2200325 4500 | ||
|---|---|---|---|
| 003 | EG-GICUC | ||
| 005 | 20260419131134.0 | ||
| 008 | 260310s1989 ua ||||fr|||| 000 0 ara d | ||
| 017 | _a1989/8037 | ||
| 020 | _a977-466-008-0 | ||
| 040 |
_a EG-GICUC _c EG-GICUC _d EG-GICUC _erda _bara |
||
| 041 | 0 | _aara | |
| 082 | 0 | 4 |
_221 _a341.79 _bم ح . ش |
| 092 | 0 | 4 | _221 |
| 099 | _aLaw1 11 1989 341.79 م ح . ش | ||
| 100 | 0 |
_aمحمد ابراهيم عبدالرحمن ، _eمؤلف. |
|
| 245 | 1 | 2 |
_aالشركات الدولية النشاط وتصنيع الدول النامية مع الإشارة لمصر / _cتأليف الدكتور محمد إبراهيم عبدالرحمن. |
| 264 | 1 |
_aالقاهرة : _bمعهد البحوث والدراسات العربية ، _c١٩٨٩ . |
|
| 300 |
_a232 ؛ صفحة _c24 سم |
||
| 336 |
_2rda content _atext |
||
| 337 |
_2rda media _aComputer |
||
| 338 |
_2rda carrier _aOnline Resource |
||
| 504 | _aيشتمل على ارجاعات ببليوجرافية. | ||
| 546 | _aالنص باللغة العربية | ||
| 650 | 1 | 4 |
_2qrmak _aالتعاون الدولي _zمصر |
| 651 | 1 | _2qrmak | |
| 856 | 4 | 0 | _uhttps://fll.law.cu.edu.eg/fulltext/conf/B11-04956.pdf |
| 905 | _a76 | ||
| 942 |
_2ddc _cBK _e21 _n0 |
||
| 999 |
_c65977 _d65977 |
||